Lilo & Stitch Experiment By Image (500-599) - Statistics

General Stats
  • This quiz has been taken 121 times
  • The average score is 11 of 17
Answer Stats
Picture Hint Answer % Correct
Experiment 502 Yang
94%
Experiment 501 Yin
94%
Experiment 513 Richter
83%
Experiment 520 Cannonball
79%
Experiment 523 Slushy
75%
Experiment 509 Sprout
73%
Experiment 586 Tank
73%
Experiment 529 Digger
71%
Experiment 505 Ploot
65%
Experiment 540 Phoon
63%
Experiment 507 Woody
60%
Experiment 515 Deforestator
58%
Experiment 533 Blowhard
44%
Experiment 519 Splat
44%
Experiment 521 Wrapper
44%
Experiment 566 Derrick
42%
Experiment 544 Thresher
42%
No matching quizzes found
Score Distribution
Percent of People with Each Score
Percentile by Number Answered
Your Score History
You have not taken this quiz